[Event "Yingmei Cup CHN-chT 2017"]
[Site "?"]
[Date "2017.08.18"]
[Round "12"]
[White "Andriasian, Zaven"]
[Black "Xu, Jun"]
[Result "1/2-1/2"]
[WhiteElo "2599"]
[BlackElo "2504"]
[Annotator "TA"]
[PlyCount "103"]
[EventDate "2017.??.??"]
[SourceTitle "Wuxi"]

1. e4 e5 2. Nf3 Nc6 3. Bc4 Bc5 4. O-O Nf6 5. d3 d6 6. c3 O-O 7. Nbd2 a6 8. Bb3
h6 9. h3 Ba7 10. Re1 Be6 11. Bc2 Re8 12. Nf1 {[%emt 0:00:05] C4: Giuoco Piano:
4 c3 Nf6, main lines with 5 d4 and 5 d3} d5 13. exd5 Bxd5 14. Ng3 Qd7 15. Be3
Bxe3 16. Rxe3 Re7 {LiveBook: 6 Games} 17. Qe2 (17. Nh4 g6 18. c4 Be6 19. Qf3
Kg7 {1/2-1/2 (27) Giri,A (2785)-Nakamura,H (2786) Moscow 2017}) 17... Rae8 18.
a4 a5 19. Re1 g6 {[#]} 20. Qd1 $146 ({Predecessor:} 20. Qd2) 20... Kg7 21. Nd2
Qd8 22. Nf3 Qd7 23. Ne4 Bxe4 24. dxe4 Qxd1 (24... Rd8 {keeps more tension.} 25.
Rd3 Qc8 26. Qe2 b6 27. Rd2 Rxd2 28. Nxd2 Rd7) 25. Bxd1 Rd8 26. Bc2 Rd6 27. Kf1
Nd7 (27... Red7 {feels hotter.} 28. g3 b6 29. Ra1 Nh7 30. Ree1 Ng5) 28. Rd3
Rxd3 29. Bxd3 Nb6 30. b3 Kf6 31. Ke2 Rd7 32. g3 Nd8 33. Ra1 Rd6 34. Ke3 Rc6 35.
Rc1 Rd6 36. Bb5 g5 37. h4 Ne6 38. hxg5+ hxg5 39. Bd3 Nc5 40. Bc2 $1 g4 41. Nh4
Rd8 42. Nf5 {Hoping for Nh6.} Rh8 $1 43. Ke2 Ne6 44. b4 Ra8 45. Bb3 c5 (45...
Kg5 $11) 46. b5 (46. Bxe6 $14 fxe6 47. Ne3 (47. bxc5 Nxa4 48. Nh6 Nxc5 $15))
46... c4 $11 47. Bc2 Nc5 {Threatening ...Nb3.} 48. Ne3 (48. Nh6 $11) 48...
Ncxa4 ({Black should play} 48... Kg5 $1 $15) 49. Bxa4 Nxa4 50. Nxc4 Nc5 51. Nb6
{[#]} ({White should try} 51. Ke3 $1 $15) 51... Rd8 $1 $19 52. Nd5+ {Precision:
White = 48%, Black = 45%.} 1/2-1/2

[Event "Yingmei Cup CHN-chT 2017"]
[Site "?"]
[Date "2017.08.18"]
[Round "12"]
[White "Ju, Wenjun"]
[Black "Lei, Tingjie"]
[Result "1/2-1/2"]
[WhiteElo "2596"]
[BlackElo "2471"]
[Annotator "TA"]
[PlyCount "100"]
[EventDate "2017.??.??"]
[SourceTitle "Wuxi"]

1. d4 d5 2. c4 c6 3. Nf3 Nf6 4. Nc3 e6 5. Bg5 Nbd7 6. e3 Qa5 7. Nd2 Bb4 8. Qc2
O-O 9. Be2 c5 10. O-O cxd4 11. Nb3 {D52: Queen's Gambit Declined: Cambridge
Springs Variation} Qb6 {LiveBook: 42 Games} 12. Bxf6 (12. Na4 Qc7 13. Nxd4 dxc4
14. Bxc4 Bd6 15. Rac1 Bxh2+ 16. Kh1 Bd6 17. Nb5 Qc6 18. Nxd6 Qxd6 {1/2-1/2 (88)
Grischuk,A (2760)-Shirov,A (2739) Moscow 2010}) 12... Bxc3 $146 (12... d3 $11 {
keeps the balance.} 13. Qxd3 (13. Bxd3 Nxf6 14. cxd5 exd5 $14) 13... Nxf6) ({
Predecessor:} 12... Nxf6 13. c5 d3 14. Bxd3 Qd8 15. Nb5 Bd7 16. a3 Bxb5 17.
axb4 Bxd3 18. Qxd3 Qc7 {1/2-1/2 (43) Lesiege,A (2584)-Smagin,S (2605) Montreal
2000}) 13. Be7 $16 {White is better.} (13. Nxd4 Qxb2 14. Qxb2 Bxb2 $15) (13.
exd4 $6 Nxf6 14. bxc3 Qc7 $11) 13... dxc4 14. Bxf8 ({But not} 14. bxc3 $6 cxb3
15. axb3 Re8 $11) ({Don't play} 14. exd4 $6 Bb4 $11) ({Much worse is} 14. Nxd4
$6 Qxb2 15. Rac1 Qxc2 $11) 14... cxb3 15. axb3 dxe3 16. bxc3 exf2+ 17. Kh1 Nxf8
18. Bf3 f6 19. Qxf2 Qxf2 20. Rxf2 Kf7 21. Ra4 {White has strong compensation.}
Nd7 22. Rb4 Rb8 23. Rd2 {aiming for Rxb7!} Ke7 24. Rc4 g5 25. h4 h6 26. hxg5
hxg5 27. g3 a6 28. Kg1 Kd8 (28... Ne5 $142 29. Rc7+ Bd7) 29. Kf2 Ke7 30. Ke3 f5
31. Rh2 g4 (31... e5 $142 32. Rh8 Nf8) 32. Bh1 Kd6 (32... e5 {is a better
defense.} 33. Rh8 Nf8) 33. Rh8 $18 Nb6 34. Rd4+ Kc7 35. Rdd8 (35. Rh7+ $18 {
is more deadly.} Nd7 36. c4) 35... a5 $16 36. Rdg8 Ra8 {[#]} (36... a4 $16) 37.
Rg7+ (37. c4 $1 $18 {and the rest is easy.}) 37... Bd7 38. Rxa8 Nxa8 39. Bxb7 {
Endgame KRB-KBN} Nb6 40. Ba6 Kd6 {[#]} (40... Nd5+ $16 {keeps fighting.} 41.
Kd4 Kd6) 41. Rg6 ({Only move:} 41. c4 $1 $18) 41... a4 $1 $14 42. bxa4 Nxa4 43.
c4 (43. Kd4 $5 Nc5 44. Bd3 Nb3+ 45. Ke3 $16) 43... Nc5 {The position is equal.}
44. Bb5 Bc8 45. Rg8 Bb7 46. Rg7 Ke5 47. Rc7 Kd6 48. Rg7 Ke5 49. Rc7 Kd6 50. Rg7
Ke5 {Precision: White = 53%, Black = 53%.} 1/2-1/2

[Event "Yingmei Cup CHN-chT 2017"]
[Site "?"]
[Date "2017.08.18"]
[Round "12"]
[White "Zeng, Chongsheng"]
[Black "Grischuk, Alexander"]
[Result "0-1"]
[WhiteElo "2536"]
[BlackElo "2761"]
[Annotator "TA"]
[PlyCount "132"]
[EventDate "2017.??.??"]
[SourceTitle "Wuxi"]

1. e4 c5 2. Nf3 Nc6 3. d4 cxd4 4. Nxd4 Nf6 5. Nc3 d6 6. Bg5 e6 7. Qd2 a6 8.
O-O-O Bd7 9. f4 Be7 10. Nf3 b5 11. e5 b4 12. exf6 bxc3 13. Qxc3 gxf6 14. Bh4 d5
15. Nd4 {LiveBook: 4 Games. B68: Sicilian: Richter-Rauzer: 7...a6 8 0-0-0 Bd7
9 f4 Be7} (15. Kb1 Rc8 16. Qd2 Qc7 17. g4 a5 18. g5 f5 19. Bb5 Nb4 20. Bxd7+
Qxd7 21. c3 Na6 22. c4 O-O 23. Ne5 {1-0 (40) Salgado Lopez,I (2623)-Acs,P 
(2606) Paks 2011}) 15... Qa5 16. Qxa5 Nxa5 17. Bd3 {The position is equal.} f5
$146 ({Predecessor:} 17... Rb8 18. Rhe1 Nc6 19. Nxc6 Bxc6 {1/2-1/2 (19) Koch,
B-Bouwmeester,H Moscow 1956}) 18. Bxe7 Kxe7 19. Rhe1 Kf6 $1 20. b3 Nb7 21. c4
Rhc8 22. Kb2 {Black must now prevent cxd5.} dxc4 23. Bxc4 Nc5 24. Re5 Rab8 (
24... Na4+ $5 25. Ka1 Nb6 $11) 25. Ka3 Bb5 26. Bxb5 axb5 27. Kb2 h5 (27... Rb7
$5 28. g4 fxg4 $11) 28. g3 h4 29. Nc2 ({White should play} 29. Re3 $15) 29...
Ne4 $1 $17 30. g4 Nf2 31. g5+ Kg6 32. Rd4 h3 (32... Kh5 $17) 33. Re3 Rh8 34.
Rd2 Ne4 35. Rdd3 (35. Rd1 $142) 35... Rh4 36. Rf3 Rbh8 (36... Rg4 $1 $19 {
is more deadly. Strongly threatening ...Rg2.} 37. Ne3 Rg2+ $1 38. Nxg2 hxg2)
37. Ne3 f6 38. gxf6 Kxf6 39. Ka3 Ra8+ 40. Kb2 Rg8 41. Rd1 (41. Rf1 $15) 41...
Rh7 (41... b4 $1 $17) 42. a3 $15 Ra8 43. Nf1 Rha7 44. b4 Rg8 45. Ne3 Rh7 46.
Rff1 Rh4 47. Rd3 Ke7 ({Black should try} 47... Rhh8 $1 $17 48. Kb3 Rd8 49. Rxd8
Rxd8) 48. Kb3 Rc8 49. Kb2 Nd6 (49... Kf7 $17) 50. Rc3 (50. Kb3 $11 {keeps the
balance.}) 50... Rxc3 51. Kxc3 $17 {Endgame KRN-KRN} Ne4+ 52. Kc2 Nf6 53. Kb3
Nh5 54. a4 ({Better is} 54. Nc2 $1 $15) 54... bxa4+ ({Reject} 54... Nxf4 $6 55.
axb5 Ng2 56. Nc2 $11) 55. Kxa4 Nxf4 56. Ka5 Ng2 (56... Ng6 $17 57. b5 Re4) 57.
Nxf5+ $1 $11 exf5 58. Rxf5 {KRN-KR} Kd6 {And now ...Ne3 would win.} 59. b5 $1
Ne3 60. Rf6+ (60. Rg5 $1 $15) 60... Kc5 61. Rc6+ Kd5 {...Nc4+ is the strong
threat.} 62. Rc3 {[#]} (62. Rg6 $17) 62... Nc4+ $1 $19 63. Kb4 Nd6+ 64. Ka5 {
[#]} Rh5 $1 {Threatens to win with ...Ke4.} 65. Rb3 $2 (65. Ka4) 65... Ke4 66.
Ka6 {[#]} Nxb5 $1 {Precision: White = 32%, Black = 63%.} 0-1

[Event "Yingmei Cup CHN-chT 2017"]
[Site "?"]
[Date "2017.08.18"]
[Round "12"]
[White "Lagno, Kateryna"]
[Black "Ding, Yixin"]
[Result "1-0"]
[WhiteElo "2535"]
[BlackElo "2420"]
[Annotator "TA"]
[PlyCount "89"]
[EventDate "2017.??.??"]
[SourceTitle "Wuxi"]

1. e4 e6 2. d4 d5 3. e5 c5 4. c3 Nc6 5. Nf3 Nge7 6. Na3 Nf5 7. Nc2 cxd4 8. cxd4
Be7 9. Bd3 Qb6 {C02: French: Advance Variation} 10. O-O Bd7 11. g4 Nh6 12. h3 {
LiveBook: 4 Games} Ng8 (12... O-O-O 13. Rb1 Kb8 14. b4 Ng8 15. Bd2 h5 16. b5
Na5 {1-0 (25) Volokitin,A (2638)-Caruana,F (2791) Dubai 2014}) 13. Rb1 $146 (
13. b4 $5) ({Predecessor:} 13. b4 Rc8 14. Bd2 h5 15. a4 hxg4 16. hxg4 {1-0 (30)
Tukhaev,A (2551)-Sichinava,Z (2275) St Petersburg 2014}) 13... h5 14. g5 a5 15.
g6 f5 16. exf6 Bxf6 (16... Nxf6 $14 17. Bg5 Rf8) 17. Ng5 $16 Nd8 (17... Bxg5
$16 18. Bxg5 Nge7) 18. Re1 Ne7 19. Nh7 Bb5 20. Bxb5+ Qxb5 21. Qxh5 Rg8 22. Bg5
$36 {White is in control.} Bxg5 23. Nxg5 Qd3 $2 (23... Ra6 $16) 24. Ne3 (24.
Nxe6 $18 {is the precise move to win. Hoping for Nc5.} Nxe6 25. Rxe6 Qxc2 26.
Rbe1) 24... Qxd4 $2 (24... Ra6 $16 {is a better chance.}) 25. Rbd1 $18 {
White is clearly winning.} Qf6 {[#]} 26. Nxe6 $1 Nxe6 27. Nxd5 Qxg6+ 28. Qxg6+
Nxg6 29. Nc7+ ({Weaker is} 29. Rxe6+ Kf7 $18) 29... Kf8 30. Nxe6+ Kf7 31. Ng5+
Kf6 32. Nh7+ Kf5 33. Rd5+ Kf4 34. Ng5 Rge8 35. Ne6+ Rxe6 36. Rxe6 {Endgame
KRR-KRN} Nh4 37. Re7 Nf3+ 38. Kg2 g5 39. Rf7+ Ke4 40. Rb5 Nh4+ 41. Kg3 Rg8 42.
Rxa5 b6 43. Rb5 Rg6 {[#]} 44. f4 $1 Nf3 (44... gxf4+ 45. Kxh4) 45. Re7+ {
Precision: White = 72%, Black = 28%.} 1-0

[Event "Yingmei Cup CHN-chT 2017"]
[Site "?"]
[Date "2017.08.18"]
[Round "12"]
[White "Girya, Olga"]
[Black "Zhao, Xue"]
[Result "1-0"]
[WhiteElo "2502"]
[BlackElo "2499"]
[Annotator "TA"]
[PlyCount "109"]
[EventDate "2017.??.??"]
[SourceTitle "Wuxi"]

1. d4 Nf6 2. c4 e6 3. Nf3 b6 4. a3 Ba6 5. Qc2 c6 (5... Bb7 6. Nc3 c5 7. e4 cxd4
8. Nxd4 d6 9. Be2 Be7 10. O-O O-O 11. Be3 Nbd7 12. f3 a6 13. Rfc1 Rc8 14. Bf1
d5 15. exd5 exd5 16. Nf5 dxc4 17. Nxe7+ Qxe7 18. Re1 b5 19. Rad1 {1/2-1/2 (47)
Jakovenko,D (2704)-Zhigalko,S (2671) Doha 2016}) 6. e4 {E12: Queen's Indian:
Unusual White 4th moves, 4 a3, 4 Nc3 Bb7 5 a3 and 4 Nc3 Bb7} d5 {LiveBook: 3
Games} 7. e5 Nfd7 8. Bg5 {White is better.} f6 $146 (8... Be7 $16 {was worth a
try.}) ({Predecessor:} 8... Be7 9. Bxe7 Qxe7 10. Nbd2 O-O 11. Bd3 h6 12. O-O c5
13. cxd5 exd5 {1/2-1/2 (23) Michel Yunis,C (2373)-Diaz Hollemaert,N (2365)
Buenos Aires 2001}) 9. exf6 gxf6 10. Bh4 (10. Bf4 $18) 10... Be7 (10... Bd6 $16
{was called for.}) 11. Bd3 (11. Bg3 $18) 11... dxc4 12. Bxc4 Bxc4 13. Qxc4 Kf7
14. O-O Nf8 15. Nc3 b5 16. Qe2 Nbd7 17. a4 a6 18. axb5 (18. Rfc1 $18) 18...
axb5 $16 19. Qe4 Rc8 ({Black should play} 19... b4) 20. Ra7 {Qf4 is the strong
threat.} Rc7 (20... b4 $16) 21. Rxc7 Qxc7 22. Rc1 f5 23. Qe3 Bxh4 24. Nxh4 b4
25. Ne2 Ng6 26. Nxg6 (26. Nf3 $18 {is more deadly. Strongly threatening Ng5+.}
h6 27. Re1) 26... hxg6 27. Nf4 Qd6 28. Qg3 (28. Re1 $1 $16) 28... Rg8 $14 29.
Re1 {aiming for h4.} (29. Nd3 $5 Qxg3 30. hxg3 $16 (30. fxg3 Rc8 $16)) 29... g5
(29... Qxd4 $11 {remains equal.} 30. h4 (30. Nxe6 Re8 $11) 30... Nc5) 30. Nxe6
$16 Qxg3 31. hxg3 {Endgame KRN-KRN} Nb6 32. f4 gxf4 33. gxf4 Rg4 (33... Ke7 $14
) 34. Kf2 $1 Nd5 $2 {[#]} (34... Nc4 $16) 35. g3 (35. Ng5+ $1 $18 {is the
precise move to win.} Kf8 36. g3) 35... Rg6 36. Ng5+ Kf8 37. Re5 Ne7 38. Ke3
Rh6 39. Ne6+ ({Better is} 39. Kd3 $16) 39... Kf7 $1 $14 40. Ng5+ (40. Nc7 $14)
40... Ke8 (40... Kf8 $11 {keeps the balance.}) 41. Nf3 $16 Kf7 (41... Rh3 $16)
42. Nh4 $18 Rh5 (42... Rf6 {keeps fighting.} 43. Kd3 Ke8) 43. Kd3 Kf6 44. Kc4
Rh7 (44... Nd5 $142 45. b3 Nxf4 46. Rxf5+ (46. gxf4 Rxh4 47. Rc5 Rxf4 $11)
46... Rxf5 47. Nxf5 Nh3) 45. Kxb4 Rg7 46. Kc5 {White is clearly winning.} Rg8
47. Kd6 Rd8+ {[#]} 48. Kc7 $1 Ra8 49. Kd7 Ra7+ 50. Kd6 Rb7 51. Re6+ Kf7 {
intending ...Nc8+.} 52. Re2 Kf6 53. Nf3 Ng6 54. Ne5 Nf8 55. Kxc6 {Precision:
White = 51%, Black = 52%.} 1-0

[Event "Yingmei Cup CHN-chT 2017"]
[Site "?"]
[Date "2017.08.18"]
[Round "12"]
[White "Liu, Qingnan"]
[Black "Lin, Chen"]
[Result "1-0"]
[WhiteElo "2502"]
[BlackElo "2475"]
[Annotator "TA"]
[PlyCount "161"]
[EventDate "2017.??.??"]
[SourceTitle "Wuxi"]

1. d4 d5 2. c4 c6 3. Nf3 e6 4. e3 Bd6 5. Bd3 f5 6. O-O Nf6 7. b3 Qe7 8. Bb2 O-O
9. Ne5 {A84: Dutch Defence: 2 c4 Miscellaneous} b6 {LiveBook: 16 Games} 10.
cxd5 cxd5 11. Nc3 $146 {White is slightly better.} ({Predecessor:} 11. f3 Bb7
12. Nc3 a6 13. Rc1 Nc6 14. Nxc6 Bxc6 15. Na4 Qb7 16. Qe2 Bxa4 17. bxa4 {
0-1 (31) Bareev,E (2670)-Krasenkow,M (2645) Groningen 1997}) 11... a6 12. Qe2
Bb7 13. Rfc1 Nbd7 14. Nd1 Ne4 15. f3 Bxe5 16. dxe5 Nec5 17. Nf2 Nxd3 18. Nxd3
Rfc8 19. Bd4 Qd8 20. Nf4 Kf7 21. g4 fxg4 22. fxg4 Nf8 23. Rf1 Kg8 $1 24. Qf2
Rc6 25. Rac1 (25. Nxd5 $5 exd5 26. Qf7+ Kh8 27. Qxb7 $16) 25... Rxc1 26. Rxc1
a5 27. Qf3 $40 {White mounts an attack.} Rc8 28. Rf1 {[#] Black must now
prevent Nxe6!} Qe7 29. Bxb6 Nd7 (29... d4 $15 30. e4 Ba6) 30. Bd4 $16 Ba6 31.
Rf2 $1 Rf8 (31... Rc1+ $14 32. Kg2 h6) 32. Nxd5 $1 $18 Qh4 33. Nf4 {Hoping for
h3.} g5 34. Qh3 Qxh3 35. Nxh3 h6 36. Rxf8+ Kxf8 {Endgame KBN-KBN} 37. Nf2 Bb7
38. Kf1 Nb8 39. Ke2 Nc6 40. Nd3 Ba6 41. Kd2 Ke7 42. Bc5+ Kf7 43. Bd6 Bb5 44.
Nc5 Bf1 45. Ne4 Bg2 46. Nf6 Bf1 47. Bc7 Bb5 48. Ne4 Bf1 49. Ke1 Bh3 50. Nf6 Nb4
51. Kd2 ({Don't take} 51. Bxa5 $6 Nd3+ 52. Kd2 Nxe5 $16) 51... Nc6 52. Ke2 Bg2
53. Kf2 Bh3 (53... Bh1 {was called for.} 54. Nd7 Be4) 54. a3 Kg6 55. Bd6 Na7
56. Bc5 Nc6 {[#]} 57. Bd4 $1 Kf7 58. Bc3 Kg6 59. Ke2 Kf7 60. Bd4 Kg6 61. Bc3
Kf7 $1 62. Kf3 Bf1 63. Ne4 Bd3 64. Nc5 Bf1 65. Nb7 Ba6 $2 (65... Bd3 66. Nc5
Bf1) 66. Nxa5 Nxa5 $2 (66... Ne7 67. e4 Ke8) 67. Bxa5 {KB-KB} Bd3 68. b4 Ke8
69. Bc7 Bb5 70. Bd6 Ba4 71. Ke2 Bb5+ 72. Kf3 $2 (72. Kd2 Ba4 73. Kc3) 72... Ba4
$1 73. Ke2 Bb5+ 74. Kd2 Ba4 75. e4 Bb5 76. Ke3 Ba4 77. Kd4 Bd1 78. b5 {
Intending b6 and mate.} Kd7 79. Kc5 Bf3 80. a4 Kc8 81. a5 {Precision: White =
73%, Black = 35%.} 1-0

[Event "Yingmei Cup CHN-chT 2017"]
[Site "?"]
[Date "2017.08.18"]
[Round "12"]
[White "Fang, Yuxiang"]
[Black "Zhang, Ziji"]
[Result "1-0"]
[WhiteElo "2498"]
[BlackElo "2318"]
[Annotator "TA"]
[PlyCount "131"]
[EventDate "2017.??.??"]
[SourceTitle "Wuxi"]

1. c4 c6 2. e4 d5 3. exd5 cxd5 4. d4 Nf6 5. Nc3 Nc6 6. Bg5 dxc4 7. Bxc4 Qxd4 8.
Qxd4 Nxd4 9. O-O-O e5 {B13: Caro-Kann: Exchange Variation and Panov-Botvinnik
Attack} 10. Nf3 {LiveBook: 4 Games} (10. f4 $11 Bg4 11. Nf3 Nxf3 12. Bb5+ Bd7
13. gxf3) (10. f4 Bg4 11. Nf3 Bxf3 12. gxf3 Rc8 13. fxe5 Rxc4 14. exf6 Ne6 15.
Rhe1 g6 16. Kb1 Bb4 17. Rxe6+ fxe6 {1-0 (41) Mamedyarov,S (2736)-Sethuraman,S 
(2640) Baku 2015}) 10... Nxf3 $15 11. gxf3 Be6 {Black has an edge.} 12. Bxe6
fxe6 13. Rhe1 Bb4 (13... Be7 {is more complex.} 14. Rxe5 Kf7 15. Kb1 h6 16. Bc1
Rac8) 14. Rxe5 Bxc3 15. bxc3 Kf7 16. Rd6 $146 ({Predecessor:} 16. h3 Rac8 17.
Kb2 {0-1 (47) Lutz,R (1732)-Schulze,H (2211) Fuerth 2002}) 16... Rhe8 17. f4
Rac8 18. Kc2 g6 19. Kb3 Rc7 20. Bxf6 Kxf6 $11 {Endgame KRR-KRR} 21. a4 Kf7 22.
c4 b6 23. Kb4 Rec8 24. Re4 Re7 25. Re5 Rec7 26. Rd4 Kf6 27. Rde4 Rc6 28. a5
bxa5+ 29. Rxa5 a6 30. Kc3 Rb8 31. Re1 Rbc8 32. Re4 Ke7 33. Ra4 Ra8 34. Ra5 Rf8
35. Rd4 Rb8 36. Rd1 Rcb6 37. Ra3 Rf8 (37... a5 $5) 38. Rd4 Rf5 39. Rb3 Rxb3+
40. Kxb3 {KR-KR} Rh5 41. Kb4 a5+ 42. Ka4 Rxh2 {And now ...Rh5 would win.} 43.
c5 Rxf2 44. c6 Rc2 45. Kb5 {[#]} a4 $1 46. Rxa4 (46. Kxa4 Rxc6) 46... Rb2+ 47.
Kc5 Kd8 48. Ra8+ Kc7 (48... Ke7 $1 $11) 49. Ra7+ $16 Kc8 50. Rxh7 Rf2 51. Kd6
Rd2+ 52. Kxe6 Rc2 53. Kd6 Rd2+ 54. Ke5 Rc2 55. c7 ({Better is} 55. Rf7 $16)
55... Rc6 $11 56. Re7 {White wants to play Re6.} Ra6 {[#]} (56... Rc1 $11 {
remains equal.}) 57. Rf7 (57. Re6 $1 $16 Ra5+ 58. Kd6 Ra6+ 59. Ke7) 57... Ra5+
$2 {[#]} (57... Ra1 $11) 58. Kf6 $1 Ra6+ 59. Kg5 Rc6 60. Rg7 Rc4 61. Rxg6 Kxc7
62. Re6 Kd7 63. f5 Rc8 64. Kg6 Rg8+ 65. Kf7 Rg5 66. f6 {Precision: White = 77%,
Black = 48%.} 1-0

[Event "Yingmei Cup CHN-chT 2017"]
[Site "?"]
[Date "2017.08.18"]
[Round "12"]
[White "Shen, Yang"]
[Black "Huang, Qian"]
[Result "1/2-1/2"]
[WhiteElo "2473"]
[BlackElo "2450"]
[Annotator "TA"]
[PlyCount "62"]
[EventDate "2017.??.??"]
[SourceTitle "Wuxi"]

1. d4 d5 2. Nf3 Nf6 3. c4 c6 4. Nc3 dxc4 5. a4 Bf5 6. e3 e6 7. Bxc4 Bb4 8. O-O
Nbd7 9. Qe2 O-O 10. e4 Bg6 11. Bd3 Bh5 12. e5 Nd5 13. Nxd5 cxd5 14. Qe3 Be7 15.
Ng5 {[%emt 0:00:09] D1: Slav Defence: 5 a4 Bf5 6 e3: Main line with 9 Qe2} Bxg5
16. Qxg5 Bg6 17. Be2 Qxg5 18. Bxg5 Nb8 {LiveBook: 10 Games} 19. Be7 (19. Bd2
Nc6 20. Bc3 Rfc8 21. a5 a6 22. f3 Na7 23. Rfc1 Nb5 24. Bxb5 axb5 25. Bb4 Rc4
26. Rxc4 bxc4 27. Kf2 f6 {1/2-1/2 (27) Radjabov,T (2710)-Bu,X (2705) Doha 2016}
) 19... Rc8 $1 {The position is equal.} 20. Rac1 {[#]} Nc6 21. Bc5 b6 $146 ({
Predecessor:} 21... f6 22. exf6 gxf6 {1/2-1/2 (31) Prohaszka,P (2510)-Ansell,S
(2380) Winterthur 2009}) 22. Ba6 {Ba3 is the strong threat.} Rd8 23. Bd6 Nxd4
24. Rc7 Nb3 25. Bb7 Rab8 26. Be7 $36 {White has the initiative.} Re8 27. Ba6
Ra8 28. Bb7 Rab8 {White should prevent ...Nc5!} 29. Ba6 Ra8 30. Bb7 Rab8 31.
Ba6 Ra8 (31... Nc5 $5 32. Bb5 Rec8 33. Rxa7 Bd3 34. Bxd3 Nxd3 $11) 1/2-1/2

[Event "Yingmei Cup CHN-chT 2017"]
[Site "?"]
[Date "2017.08.18"]
[Round "12"]
[White "Ma, Zhonghan"]
[Black "Wan, Yunguo"]
[Result "1/2-1/2"]
[WhiteElo "2465"]
[BlackElo "2492"]
[Annotator "TA"]
[PlyCount "111"]
[EventDate "2017.??.??"]
[SourceTitle "Wuxi"]

1. d4 Nf6 2. c4 e6 3. Nf3 Bb4+ 4. Bd2 Qe7 5. g3 O-O 6. Bg2 Nc6 7. O-O Bxd2 8.
Qxd2 d6 9. Nc3 e5 10. Nd5 Nxd5 11. cxd5 Nxd4 {E11: Bogo-Indian} 12. Nxd4 exd4
13. Rac1 {LiveBook: 5 Games} Re8 {White is slightly better.} 14. Rfe1 Qe5 $146
({Predecessor:} 14... Bf5 15. Qxd4 b6 16. Rc3 a5 17. e4 Ra7 18. Ree3 Bd7 19. f4
{1-0 (33) Schreiner,P (2371)-Fruehauf,N (2049) Aschach 2011}) 15. Rxc7 Bf5 16.
e4 dxe3 17. Rxe3 Qf6 18. Rxb7 Rxe3 19. Qxe3 h5 20. h4 a5 21. Rb6 Bg6 (21... g6
$142) 22. Qc3 Re8 (22... Qd8 $16 23. Rc6 Qb8) 23. Qxf6 $18 gxf6 24. Rxd6 {
Endgame KRB-KRB} Re1+ 25. Kh2 Re2 26. Rxf6 Rxb2 27. a3 Ra2 (27... Kg7 $16 28.
Rf4 Rd2) 28. d6 Rd2 29. Bb7 Kg7 30. Rf4 Rxd6 31. Ra4 Rb6 32. Be4 {Black must
now prevent Bxg6.} Rb5 33. Kg2 Rc5 34. Bxg6 Kxg6 $16 {KR-KR} 35. Kf3 f6 36. Ke4
Rf5 37. Ke3 Kf7 38. Rc4 Kg6 39. a4 Re5+ 40. Kd3 Rf5 $2 (40... Rd5+ $16 41. Rd4
Rc5) 41. f4 $18 {[#] Strongly threatening Ke4.} Rd5+ 42. Ke4 Rd1 43. f5+ $2 ({
White has to play} 43. Rc5 $18 Re1+ 44. Kf3) 43... Kh6 $1 $11 44. Rc5 Rg1 $2 (
44... Re1+ $11 {and Black is okay.} 45. Kf4 Rb1 46. Rxa5 Rb4+ 47. Kf3 Rb3+ 48.
Kf2 Rb2+ 49. Ke1 Rb1+ 50. Kd2 Rb2+ 51. Kc1 Rb7) 45. Kf3 $18 ({Weaker is} 45.
Rxa5 Rxg3 46. Kd5 Rg4 $16) 45... Rf1+ 46. Kg2 Ra1 $2 (46... Rb1 47. Rxa5 Rb2+
48. Kf1 Rb3) 47. Rxa5 Ra3 48. Ra6 Kg7 49. Kf2 Rb3 50. Ra7+ Kh6 51. Ra8 Kg7 52.
Rc8 Ra3 53. Ra8 Rb3 $1 54. Ra7+ Kh6 $1 {[#]} 55. Kg2 $2 (55. Ra5 $1 $18) 55...
Rxg3+ $11 56. Kxg3 $2 {Precision: White = 56%, Black = 50%.} (56. Kf2 Rg4 57.
Rf7) 1/2-1/2

[Event "Yingmei Cup CHN-chT 2017"]
[Site "?"]
[Date "2017.08.18"]
[Round "12"]
[White "Ni, Shiqun"]
[Black "Tan, Zhongyi"]
[Result "0-1"]
[WhiteElo "2450"]
[BlackElo "2508"]
[Annotator "TA"]
[PlyCount "76"]
[EventDate "2017.??.??"]
[SourceTitle "Wuxi"]

1. e4 e5 2. Nf3 Nc6 3. Bc4 Bc5 4. O-O Nf6 5. d3 d6 6. c3 a6 7. a4 h6 8. Re1 {
[%emt 0:00:05] C4: Giuoco Piano: 4 c3 Nf6, main lines with 5 d4 and 5 d3} Ba7
9. Nbd2 O-O 10. h3 Be6 11. Bxe6 fxe6 12. b4 Nh5 {LiveBook: 3 Games} 13. Nf1 Nf4
{[#]} 14. Be3 $146 (14. Rb1 {is interesting.} Ne7 15. d4 Neg6 16. N1h2 c6 17.
Rb2) 14... Qf6 15. Bxa7 Rxa7 16. Kh2 Raa8 17. Ne3 h5 18. Ra2 d5 19. exd5 exd5
20. d4 (20. g3 $11) 20... e4 $36 {Black is on the roll.} 21. Ng1 Qg5 (21... Nd3
$17 {And now ...Qd6+ would win.} 22. Ree2 Ne7) 22. Rf1 (22. g3 $11 {remains
equal.} Nd3 23. h4) 22... Ne7 (22... Nd3 $17 23. Qd2 Rae8) 23. g3 $11 Nfg6 24.
Qe2 (24. h4 $1 $11 Qh6 25. Nh3) 24... h4 $17 25. Qg4 hxg3+ 26. Qxg3 Qh5 27. Qg4
(27. f3 $11 {keeps the balance.}) 27... Qh6 $1 28. Qe6+ Kh8 29. Nxd5 Nxd5 ({
Black should try} 29... Nf5 $19 30. Nxc7 (30. Qxe4 Rae8 $17) 30... Qf4+ 31. Kh1
Qxc7 32. Qxg6 Qxc3) 30. Qxd5 {[#]} Rae8 $1 31. Qd7 (31. Qxb7 $6 Nf4 $15) (31.
Re1 $17 {was called for.} Nf4 32. Qd7) 31... Nh4 $19 32. f4 ({Don't play} 32.
Qxc7 Nf3+ 33. Kh1 Re6) 32... exf3 33. Raf2 Qf4+ 34. Kh1 {intending Nxf3.} Re3
35. c4 $2 (35. Qg4) 35... Rf5 36. Qc8+ {[#]} Kh7 $1 37. Qxb7 Qg3 38. Qc6 {[#]}
Re1 $1 {Precision: White = 27%, Black = 63%.} 0-1